| 000 -LEADER |
| fixed length control field |
00739nam a2200229 4500 |
| 001 - CONTROL NUMBER |
| control field |
9683 |
| 003 - CONTROL NUMBER IDENTIFIER |
| control field |
BD-DhUAP |
| 005 - DATE AND TIME OF LATEST TRANSACTION |
| control field |
20200204153735.0 |
| 008 - FIXED-LENGTH DATA ELEMENTS--GENERAL INFORMATION |
| fixed length control field |
200204s2007 pk ||||| |||| 001 0 eng d |
| 040 ## - CATALOGING SOURCE |
| Original cataloging agency |
BD-DhUAP |
| Language of cataloging |
Eng |
| Transcribing agency |
BD-DhUAP |
| Modifying agency |
BD-DhUAP |
| 082 ## - DEWEY DECIMAL CLASSIFICATION NUMBER |
| Edition number |
23 |
| Classification number |
340.590954 SYE |
| 100 ## - MAIN ENTRY--PERSONAL NAME |
| Personal name |
Syed, Ameer Ali. |
| 245 ## - TITLE STATEMENT |
| Title |
Commentaries on Mahommedan law : |
| Remainder of title |
compiled from authorities in the original Arabic / |
| Statement of responsibility, etc. |
Ameer Ali (Syed) ; Revised by S.H.A. Raza. |
| 250 ## - EDITION STATEMENT |
| Edition statement |
5th ed. |
| 260 ## - PUBLICATION, DISTRIBUTION, ETC. |
| Place of publication, distribution, etc. |
Lahore : |
| Name of publisher, distributor, etc. |
Imran Law Book House, |
| Date of publication, distribution, etc. |
c2007. |
| 300 ## - PHYSICAL DESCRIPTION |
| Extent |
xx, 1643 pages ; |
| Dimensions |
24 cm. |
| 500 ## - GENERAL NOTE |
| General note |
in single volume containing two parts. |
| 504 ## - BIBLIOGRAPHY, ETC. NOTE |
| Bibliography, etc. note |
Includes index. |
| 650 ## - SUBJECT ADDED ENTRY--TOPICAL TERM |
| Topical term or geographic name entry element |
Islamic law |
| Geographic subdivision |
India. |
| 700 ## - ADDED ENTRY--PERSONAL NAME |
| Personal name |
Raza, S.H.A. |
| 942 ## - ADDED ENTRY ELEMENTS (KOHA) |
| Source of classification or shelving scheme |
|
| Koha item type |
Book |